000 00279nam a2200109Ia 4500
008 190912s9999||||xx |||||||||||||| ||und||
100 _a W. Karnowski
245 4 _aThe EFU SAGA The Making of an Institution
260 _aLahore
_bPrentice Hall
_c2001
300 _a510
942 _cBK
999 _c7724
_d7724